| 000 | 00501ngm a2200181 i 4500 | ||
|---|---|---|---|
| 001 | C2-0303220 | ||
| 003 | PPAK | ||
| 005 | 20180727220330.0 | ||
| 008 | 100318s2000 xxu|||| ||||| | vleng d | ||
| 020 | _a1422939162 | ||
| 040 |
_aPPAK _beng _cPPAK _erda |
||
| 245 | 0 | 0 |
_aGeorge Washington : _bAmerican Revolutionary |
| 264 | 1 |
_aUnited States : _bA&E Television Networks , _c2000 |
|
| 336 |
_2rdacontent _atext |
||
| 337 |
_2rdamedia _aunmediated |
||
| 338 |
_2rdacarrier _avolume |
||
| 942 |
_2ddc _cDVD |
||
| 999 |
_c166142 _d166142 |
||